Cien preguntas y respuestas sobre procedimiento parlamentario: costumbre, prácticas y precedentes /

Guardat en:
Dades bibliogràfiques
Autor principal: Ramirez Altamirano, Marina
Autor corporatiu: Costa Rica. Asamblea Legislativa
Altres autors: comp
Format: Text
Publicat: San José: Costa Rica. Asamblea Legislativa
Matèries:
Etiquetes: Afegir etiqueta
Sense etiquetes, Sigues el primer a etiquetar aquest registre!

MARC

LEADER 00000 a a2200000 04500
001 29987
003
040
090 |a 193900  |b   
100 |a Ramirez Altamirano, Marina  
110 |a Costa Rica. Asamblea Legislativa  
245 |a Cien preguntas y respuestas sobre procedimiento parlamentario: costumbre, prácticas y precedentes /  |c Marina Ramirez Altamirano 
260 |a San José:   |b Costa Rica. Asamblea Legislativa  
300 |a 41 p.  
500 |a Anexo de la Revista Parlamentaria Vol. 10, no. 1 (abril. 2002) No. 189501-05  
650 |a PRACTICA PARLAMENTARIA  
650 |a PODER LEGISLATIVO  
650 |a COSTA RICA  
700 |a comp.  
999 |c 6134  |d 6134